000 00677nam a22002417a 4500
003 UA-OsUOA
001 126465
007 ta
008 20171024b un ||||| |||| 00| 0 ukr d
100 _aУайнхолд Б.
090 _a159.98
_bУ13
942 _cBK
040 _aUA-OsUOA
_brus
_cUA-OsUOA
_dUA-OsUOA
245 _aПротивозависимость: бегство от близости
_cД. Уайнхолд
300 _a328 с.
955 _a1
041 _arus
080 _a159.98
020 _a978-966-496-123-0
260 _aКаменец-Подольский
_bАксиома
_c2009
650 7 _a159.9 Психологія
_2UDC
999 _c413671
_d413671